| 000 | 01172nam a2200385 i 4500 | ||
|---|---|---|---|
| 001 | 53619 | ||
| 003 | KOSZ 005 | ||
| 005 | 20221214121812.0 | ||
| 008 | 131209s2001 pl a f |000 0 pol | ||
| 020 | _a8385366970 | ||
| 040 |
_aWA N _cWA N _dKOSZ 005/HR |
||
| 046 | _k2000 | ||
| 080 | _a(07) | ||
| 080 | _a005.511 | ||
| 100 | 1 |
_aFilar, Ewa _eAutor |
|
| 245 | 1 | 0 |
_aBiznes plan / _cEwa Filar, Jerzy Skrzypek. |
| 250 | _aWyd. 3., rozsz., [dodruk.]. | ||
| 260 |
_aWarszawa : _bPoltext, _c2001. |
||
| 300 |
_a213, [1] s. : _bil. ; _c24 cm. |
||
| 336 |
_aTekst _btxt _2rdacontent |
||
| 337 |
_aBez urządzenia pośredniczącego _bn _2rdamedia |
||
| 338 |
_aWolumin _bnc _2rdacarrier |
||
| 380 | _aKsiążki | ||
| 388 | _a1901-2000 | ||
| 388 | _a1989-2000 | ||
| 504 | _aBibliogr. s. 213-[214]. | ||
| 650 | 7 |
_aBiznesplan _2DBN |
|
| 655 | 7 |
_aPodręcznik _2DBN |
|
| 658 | _aZarządzanie i marketing | ||
| 700 | 1 |
_aSkrzypek, Jerzy _eAutor |
|
| 710 | 2 |
_aWydawnictwo Poltext _4pbl |
|
| 856 |
_uhttp://koha.tu.koszalin.pl/cgi-bin/koha/opac-detail.pl?biblionumber=53619 _yKatalog online BPK |
||
| 942 |
_2UKD _cKS |
||
| 999 |
_c53619 _d53619 |
||